| 000 | 01639cam a22003498a 4500 | ||
|---|---|---|---|
| 001 | 93675 | ||
| 005 | 20230410121215.0 | ||
| 008 | 100303r20102008enk 000 0 eng | ||
| 035 | _a(OCoLC)ocn501976670 | ||
| 040 |
_aUKM _cUKM _dYDXCP _dILC |
||
| 015 |
_aGBB037674 _2bnb |
||
| 016 | 7 |
_a015505981 _2Uk |
|
| 020 |
_a9781844676286 (pbk.) : _c$19.95 |
||
| 020 | _a1844676285 (pbk.) | ||
| 035 | _a(OCoLC)501976670 | ||
| 050 | 1 | 4 |
_aJZ 6385 _bF663t 2010 |
| 082 | 0 | 4 | _a341.584 |
| 100 | 1 | _aFoley, Conor. | |
| 245 | 1 | 4 |
_aThe thin blue line : _bhow humanitarianism went to war / _cConor Foley. |
| 260 |
_aLondon : _bVerso, _c2010. |
||
| 300 |
_a274 p. ; _c20 cm. |
||
| 500 | _aOriginally published: 2008. | ||
| 504 | _aIncludes bibliographical references (p. [241]-260) and index. | ||
| 520 | _aFoley explores how the doctrine of humanitarian intervention has been used to allow states to invade other nations in the name of human rights. Drawing on his own experience of working in over a dozen conflict and post-conflict zones, he shows how the growing influence of international law has been used to override the sovereignty of the poorest countries in the world. | ||
| 505 | 0 | _aHuman rights and humanitarianism -- Humanitarian interventions -- Kosovo -- Afghanistan -- Sri Lanka and Indonesia -- A responsibility to protect -- Justice and peace -- Humanitarian accountability -- Conclusion. The new imperialists? | |
| 650 | 0 | _aHumanitarian intervention. | |
| 650 | 0 |
_aHumanitarian assistance _xCorrupt practices. |
|
| 938 |
_aYBP Library Services _bYANK _n3154673 |
||
| 942 |
_2lcc _cbk |
||
| 946 | _asadt | ||
| 994 |
_aC0 _bDRFGD |
||
| 999 |
_c60113 _d60113 |
||